000
00326nam a22001337a 4500
008
180928b xxu||||| |||| 00| 0 eng d
020
_a
9780534353964
041
_a
eng
080
_a
311
100
_a
55
101
_a
STA
245
_a
An introduction to Statistics for the Behavioral Sciences
_c
Tropper,R
942
_2
udc
_c
BK
999
_c
48640
_d
48640